000 00491nam a22001457a 4500
999 _c2254
_d2254
008 200218b ||||| |||| 00| 0 eng d
082 0 0 _a621.34
_bM727
100 _91476
_aMollow, E.
245 1 0 _aMagnetic tools and appliances in engineering production, dealing with magnetic chucks, clutches, brakes, lifting magnets, magnetic separators, and crack detectors
_cby E Molloy
250 _a1st
260 _aLondon
_bNewnes
_c1942
300 _a116p.
650 0 _aMagnetic Testing
942 _cBK